| 000 | 01280cas a22002535a 4500 | ||
|---|---|---|---|
| 001 | L153574 | ||
| 008 | 110808s2008 xxkqr eng u | ||
| 035 | _a(Sirsi) u153574 | ||
| 041 | 0 | _aeng | |
| 050 | _a333.33 $2 18 | ||
| 110 | 2 | _aDTZ | |
| 245 | 0 | 0 |
_aProperty times UK industrial _h[electronic resource] |
| 260 |
_a[S.l.] _bDTZ _c2008- |
||
| 362 | 0 | _aJuly 2008- | |
| 490 | 0 |
_aDTZ Property Times UK Industrial _vJuly 2008- |
|
| 520 | _aA regular report on the occupational real estate market with commentary, analysis and key data including an executive summary, UK economy, UK overview, regional focus, UK investment overview, quarterly occupier statistics, key transactions, economic data and forecasts, definitions and contacts. | ||
| 554 | _aFour per year | ||
| 650 | 2 | 4 | _aDTZ PROPERTY TIMES UK INDUSTRIAL |
| 651 | 4 |
_aUnited Kingdom _y |
|
| 690 | _aPROPERTY-COMMERCIAL PROPERTY-COMMERCIAL PROPERTY FINANCE AND INVESTMENT | ||
| 690 | _aPROPERTY-COMMERCIAL PROPERTY-COMMERCIAL PROPERTY MARKET | ||
| 856 | 4 | 0 |
_uhttps://www.dtz.com/Global/Research?vgnLocale=en_GB _zView the report free of charge after free registration (tick the Property Times box under the Report Series tab, type UK Industrial in the keyword box and click on search)at www.dtz.com |
| 942 | _n0 | ||
| 999 |
_c119342 _d119342 |
||